000 02165nam a2200577 i 4500
001 4894
003 KOSZ 005
005 20220803111042.0
008 220803s1974 pl a f 000 0 pol
015 _aUWD 1975/197
035 _a991019815299705066
035 _a(PL-WaBN)b15371906-48omnis_nlop
035 _ab15371906
035 _a(OCoLC)830375083
035 _a(PL)b0000001537190
035 _a(EXLNZ-48OMNIS_NETWORK)9910279073705606
040 _aWA N
_cWA N
_dKOSZ 005/RW
046 _k1974
080 _a72.01
080 _a744
080 _a7.01
080 _a(075.8)
100 1 _aSuzin, Leon Marek
_d(1901-1976)
_eAutor
245 1 0 _aPerspektywa wykresowa dla architektów /
_cLeon Marek Suzin ; [recenzenci doc. dr hab. Konrad Dyba, doc. dr hab. Bogusław Grochowski, prof. Franciszek Otto].
250 _aWydanie I.
260 _aWarszawa :
_b"Arkady",
_c1974.
300 _a179, [1] stron :
_bilustracje ;
_c21x30 cm.
336 _aTekst
_btxt
_2rdacontent
337 _aBez urządzenia pośredniczącego
_bn
_2rdamedia
338 _aWolumin
_bnc
_2rdacarrier
380 _aKsiążki
380 _aPublikacje dydaktyczne
385 _mPoziom nauczania
_aSzkoły wyższe
388 1 _a1901-2000
388 1 _a1945-1989
504 _aBibliografia na stronie 179.
521 8 _aKsiążka jest podręcznikiem przeznaczonym dla studentów architektury, a ponadto może stanowić pomoc dla wszystkich, którzy pragną doskonalić swe umiejętności rysunkowe.
650 7 _aBudownictwo
_2DBN
650 7 _aGeometria wykreślna
_2DBN
650 7 _aPerspektywa
_2DBN
655 7 _aRysunek techniczny
_2DBN
655 7 _aPodręczniki akademickie
658 _aArchitektura i budownictwo
700 1 _aDyba, Konrad
_d(1907-1991)
_eRecenzja
700 1 _aGrochowski, Bogusław
_d(1923-2011)
_eRecenzja
700 1 _aOtto, Franciszek
_d(1904-2000)
_eRecenzja
710 2 _aWydawnictwo Arkady
_4pbl
856 _uhttp://koha.tu.koszalin.pl/cgi-bin/koha/opac-detail.pl?biblionumber=4894
_yKatalog online BPK
942 _2UKD
_cKS
999 _c4894
_d4894